000 00575nam a22001817a 4500
005 20251108165352.0
008 250721s9999 xx 000 0 ara d
082 1 4 _aم/922.13/بخا
100 1 _aالبخاري، أبو عبد الله محمد بن إسماعيل ...
245 1 0 _aكتاب التاريخ الكبير /
264 1 _aبيروت :
_bمؤسسة الكتب الثقافية،
_c[19-].
300 _a4ج في 8 مج
650 1 7 _aالمحدثون
650 1 7 _aرجال الحديث
650 1 7 _aالتراجم
942 _2ddc
_cREF
999 _c26250
_d26250